[Event "Roncana op-C 10th"]
[Site "Santa Eulalia de Roncana"]
[Date "2016.10.22"]
[Round "5"]
[White "Vallejo Ferreira, Tiago"]
[Black "Krasic Moreno, Rosa"]
[Result "0-1"]
[WhiteElo "1240"]
[BlackElo "1367"]
[PlyCount "48"]
[EventDate "2016.09.24"]
[EventType "swiss"]
[EventRounds "8"]
[EventCountry "ESP"]
[SourceTitle "EXT 2022"]
[Source "ChessBase"]
[SourceDate "2021.10.06"]
[SourceVersion "1"]
[SourceVersionDate "2021.10.06"]
[SourceQuality "1"]

1. e4 e6 2. d4 d5 3. exd5 exd5 4. Nf3 Qe7+ 5. Be2 Bg4 6. 0-0 Nf6 7. Bb5+ c6 8. Re1 Be6 9. Ba4 b5 10. Bb3 c5 11. Ng5 c4 12. Nxe6 cxb3 13. axb3 fxe6 14. Bf4 Nc6 15. Qd3 e5 16. Nc3 e4 17. Qd1 a5 18. Bg5 g6 19. Bxf6 Qxf6 20. Nxd5 Qd6 21. Nb6 Qb8 22. Nxa8 Qxa8 23. Rxe4+ Be7 24. Qf3 Qb8 0-1

[Event "Roncana op-C 9th"]
[Site "Santa Eulalia de Roncana"]
[Date "2015.10.24"]
[Round "3"]
[White "Krasic Moreno, Rosa"]
[Black "Lobo Pereira, Arami"]
[Result "0-1"]
[WhiteElo "1308"]
[BlackElo "1678"]
[PlyCount "22"]
[EventDate "2015.10.03"]
[EventType "swiss"]
[EventRounds "8"]
[EventCountry "ESP"]
[SourceTitle "EXT 2017"]
[Source "ChessBase"]
[SourceDate "2016.10.25"]
[SourceVersion "1"]
[SourceVersionDate "2016.10.25"]
[SourceQuality "1"]

1. e4 e5 2. Nf3 Nc6 3. Nc3 Bc5 4. a3 Nf6 5. h3 0-0 6. d3 d6 7. Be3 Bb6 8. Rh2 Be6 9. g4 Bxe3 10. fxe3 d5 11. exd5 Bxd5 0-1

[Event "Roncana op-C 9th"]
[Site "Santa Eulalia de Roncana"]
[Date "2015.10.17"]
[Round "2"]
[White "Casares Bonals, Asier"]
[Black "Krasic Moreno, Rosa"]
[Result "1-0"]
[WhiteElo "1729"]
[BlackElo "1308"]
[PlyCount "111"]
[EventDate "2015.10.03"]
[EventType "swiss"]
[EventRounds "8"]
[EventCountry "ESP"]
[SourceTitle "EXT 2017"]
[Source "ChessBase"]
[SourceDate "2016.10.25"]
[SourceVersion "1"]
[SourceVersionDate "2016.10.25"]
[SourceQuality "1"]

1. e4 e5 2. Nf3 Nc6 3. d4 Nf6 4. Nc3 d6 5. dxe5 dxe5 6. Qxd8+ Nxd8 7. Nxe5 a6 8. g3 h6 9. Bg2 b5 10. Nc6 Nxc6 11. e5 Nxe5 12. Bxa8 Nfd7 13. 0-0 Bd6 14. Re1 Kf8 15. Bf4 f6 16. Rad1 Rh7 17. Be4 Rh8 18. Bxe5 fxe5 19. Bf5 Nb6 20. Bxc8 Nxc8 21. Ne4 Kf7 22. Nxd6+ cxd6 23. Kg2 a5 24. Rd5 g5 25. Rxb5 h5 26. Rxa5 Nb6 27. Ra6 Nd7 28. Ra7 Ke6 29. a4 h4 30. gxh4 gxh4 31. b4 h3+ 32. Kf1 Nb6 33. a5 Nd7 34. b5 Ke7 35. b6 Ke6 36. Rb1 Nb8 37. Ra1 Kf6 38. a6 Ke6 39. Rc7 Nd7 40. b7 d5 41. a7 Nb6 42. a8Q Nxa8 43. bxa8Q Rxa8 44. Rxa8 Kf5 45. Rf8+ Ke4 46. f3+ Kd4 47. c3+ Kd3 48. Rg8 d4 49. cxd4 exd4 50. Rd7 Kc3 51. Rgd8 Kd2 52. Rxd4+ Kc3 53. R4d7 Kc2 54. Rc7+ Kb2 55. Rb8+ Ka2 56. Ra7# 1-0